[Event "Kouty nad Desnou op-B"]
[Site "Kouty nad Desnou"]
[Date "2010.03.06"]
[Round "1"]
[White "Sikora, Lukas"]
[Black "Kostecky, Jan"]
[Result "1-0"]
[WhiteElo "1795"]
[BlackElo "1427"]
[PlyCount "49"]
[EventDate "2010.03.06"]
[EventType "swiss"]
[EventRounds "9"]
[EventCountry "CZE"]
[SourceTitle "EXT 2012"]
[Source "ChessBase"]
[SourceDate "2011.11.24"]
[SourceVersion "1"]
[SourceVersionDate "2011.11.24"]
[SourceQuality "1"]

1. d4 d5 2. c4 e6 3. Nc3 Nf6 4. Bg5 Nbd7 5. e3 Be7 6. Nf3 0-0 7. cxd5 exd5 8. Bd3 Re8 9. Qc2 Nf8 10. 0-0 c6 11. Ne5 Ng4 12. Bxe7 Qxe7 13. Nxg4 Bxg4 14. Rae1 Qg5 15. f4 Qh6 16. f5 f6 17. e4 dxe4 18. Nxe4 Rad8 19. Qb3+ Kh8 20. Nd6 Bh5 21. Nxe8 Rxe8 22. Rxe8 Bxe8 23. Re1 Bh5 24. Qxb7 Qd2 25. Qe7 1-0